Romatolojik hastalıklar (Record no. 6800)

000 -LEADER
fixed length control field 00874nmm a2200277 a 4500
001 - CONTROL NUMBER
control field ocm000701688
003 - CONTROL NUMBER IDENTIFIER
control field TR-IsHL
005 - DATE AND TIME OF LATEST TRANSACTION
control field 20201028135539.0
008 - FIXED-LENGTH DATA ELEMENTS--GENERAL INFORMATION
fixed length control field 131209s2003 tu tur
007 - PHYSICAL DESCRIPTION FIXED FIELD--GENERAL INFORMATION
fixed length control field cr cn
035 ## - SYSTEM CONTROL NUMBER
System control number 701688
-- (N$T)
050 04 - LIBRARY OF CONGRESS CALL NUMBER
Classification number WE13
Item number .R66 2003
090 04 - LOCALLY ASSIGNED LC-TYPE CALL NUMBER (OCLC); LOCAL CALL NUMBER (RLIN)
Classification number (OCLC) (R) ; Classification number, CALL (RLIN) (NR) WE13
Local cutter number (OCLC) ; Book number/undivided call number, CALL (RLIN) .R66 2003
245 10 - TITLE STATEMENT
Title Romatolojik hastalıklar
Medium [electronic resource] /
Statement of responsibility, etc. ed. Hasan Yazıcı, Huri Özdoğan, İzzet Fresko
260 ## - PUBLICATION, DISTRIBUTION, ETC.
Place of publication, distribution, etc. İstanbul :
Name of publisher, distributor, etc. İstanbul Üniversitesi Cerrahpaşa Tıp Fakültesi,
Date of publication, distribution, etc. 2003
300 ## - PHYSICAL DESCRIPTION
Extent 68 p.
650 #4 - SUBJECT ADDED ENTRY--TOPICAL TERM
Topical term or geographic name entry element Tıp
650 #4 - SUBJECT ADDED ENTRY--TOPICAL TERM
Topical term or geographic name entry element Medicine
650 #0 - SUBJECT ADDED ENTRY--TOPICAL TERM
Topical term or geographic name entry element Romatizma
650 #0 - SUBJECT ADDED ENTRY--TOPICAL TERM
Topical term or geographic name entry element Rheumatology
650 #7 - SUBJECT ADDED ENTRY--TOPICAL TERM
Topical term or geographic name entry element MEDICAL / Rheumatology
Source of heading or term bisacsh
700 1# - ADDED ENTRY--PERSONAL NAME
Personal name Yazıcı, Hasan
700 1# - ADDED ENTRY--PERSONAL NAME
Personal name Özdoğan, Huri
700 1# - ADDED ENTRY--PERSONAL NAME
Personal name Fresko, İzzet
856 40 - ELECTRONIC LOCATION AND ACCESS
Uniform Resource Identifier <a href="http://search.ebscohost.com/login.aspx?direct=true&scope=site&db=e011xww&AN=701688">http://search.ebscohost.com/login.aspx?direct=true&scope=site&db=e011xww&AN=701688</a>
Holdings
Withdrawn status Lost status Source of classification or shelving scheme Damaged status Not for loan Collection code Permanent Location Current Location Date acquired Total Checkouts Full call number Barcode Date last seen Price effective from Koha item type
        Online   Kıbrıs Amerikan Üniversitesi Kütüphanesi / American University of Cyprus Kıbrıs Amerikan Üniversitesi Kütüphanesi / American University of Cyprus 28.10.2020   WE13 .R66 2003 701688 28.10.2020 28.10.2020 E-Kitap
Devinim Yazılım Eğitim Danışmanlık tarafından Koha'nın orjinal sürümü uyarlanarak geliştirilip kurulmuştur.